La repressione criminale nell'esperienza romana: profili
Uloženo v:
| Hlavní autor: | |
|---|---|
| Médium: | Kniha |
| Jazyk: | italština |
| Vydáno: |
Nápoles
Jovene
1997
|
| Vydání: | 4a. ed |
| Témata: | |
| Tagy: |
Přidat tag
Žádné tagy, Buďte první, kdo vytvoří štítek k tomuto záznamu!
|
MARC
| LEADER | 00000nam a2200000 a 4500 | ||
|---|---|---|---|
| 001 | UCR4646 | ||
| 003 | CL-VaPUC | ||
| 008 | 980313e19970000IT |||||||||||||||||ita|d | ||
| 082 | 0 | 4 | |a 340.54 |b GIU |2 21 |
| 100 | |a Giuffrè, Vincenzo |e author |9 592984 | ||
| 245 | 1 | 3 | |a La repressione criminale nell'esperienza romana: profili |
| 250 | |a 4a. ed | ||
| 300 | |a 221 p | ||
| 942 | |c BK | ||
| 945 | |d 19980313 00:00:00 |a aolguin | ||
| 260 | |a Nápoles |b Jovene |c 1997 | ||
| 650 | 0 | |a Derecho romano |9 255930 | |
| 650 | 7 | |a DERECHO PENAL |2 CL-VaPUC |9 11 | |
| 650 | 0 | |a Procedimiento penal |9 254974 | |
| 650 | 7 | |a MAGISTRATURA |2 CL-VaPUC |9 387327 | |
| 650 | 0 | |a Historia del derecho |9 255109 | |
| 650 | 0 | |a Penas |9 255927 | |
| 650 | 0 | |a Derecho justiniano |9 397596 | |
| 583 | |a last modification |c 19980313 00:00:00 |k Rodrigo Vera | ||
| 999 | |c 267546 |d 267544 | ||
| 952 | |0 0 |1 0 |4 0 |6 340_540000000000000_GIU_1997 |7 0 |8 DER_ROM |9 299939 |a BIBDER |b BIBDER |d 2019-11-20 |i 1961020 |o 340.54 GIU 1997 |p 1961020 |r 2023-01-25 |w 2019-11-20 |x Ubicación 4to piso |y BK |z Este recurso debe solicitarse con anticipación |k DER | ||